Juventus Turin : 11 du XXème siècle - Statistiques

Statistiques générales
  • Ce quiz a été pris 83 fois
  • Le résultat moyen est 5 sur 12
Statistiques - réponses
Postes Nationalités Années de passage Joueurs % Correct
Milieu Offensif France 1996-2001 Zinédine Zidane
93%
Milieu Offensif France 1982-1987 Michel Platini
88%
Attaquant Italie 1993-2012 Alessandro Del Piero
82%
Gardien Italie 1972-1983 Dino Zoff
69%
Attaquant Italie 1990-1995 Roberto Baggio
58%
Attaquant Italie 1973-1976/1981-1985 Paolo Rossi
42%
Défenseur Central Italie 1974-1988 Gaetano Scirea
27%
Défenseur Droit Italie 1973-1984 Claudio Gentile
13%
Entraîneur Italie 1976-1986 Giovanni Trapattoni
13%
Milieu de terrain Italie 1975-1985 Marco Tardelli
13%
Défenseur Gauche Italie 1976-1989 Antonio Cabrini
9%
Défenseur Central Italie 1994-2005 Ciro Ferrara
6%
Aucun quiz correspondant
Distribution des résultats
% des personnes avec chaque résultat
Percentile par nombre de réponses
Votre historique - résultats
Vous n’avez pas pris ce quiz